000
00330nam a22001457a 4500
008
230414b ||||| |||| 00| 0 eng d
020
_a
9781418859893
041
_a
eng
080
_2
SECOND EDITION
_a
004
082
_a
004SHE
100
_a
18
101
_a
SHKI
245
_a
DISCOVERING THE INTERNET
_c
SHELLY
942
_2
udc
_c
BK
999
_c
59538
_d
59538